Countries that Yakko didn't mention in Yakko's World - Statistics

General Stats
  • This quiz has been taken 32 times
  • The average score is 52 of 56
Answers on the Map
Answers color-coded by a green-red scale on the quiz's map according to % correct below.
 
Answer Stats
Country % Correct
Andorra
96%
Armenia
96%
Azerbaijan
96%
Belarus
96%
Estonia
96%
Georgia
96%
Kazakhstan
96%
Kosovo
96%
Kyrgyzstan
96%
Latvia
96%
Lithuania
96%
Maldives
96%
Moldova
96%
Montenegro
96%
South Sudan
96%
Tajikistan
96%
Turkmenistan
96%
Ukraine
96%
Uzbekistan
96%
Brunei
93%
Cape Verde
93%
Central African Republic
93%
Croatia
93%
Dominica
93%
East Timor
93%
Eritrea
93%
Kiribati
93%
Marshall Islands
93%
North Macedonia
93%
Saint Kitts and Nevis
93%
San Marino
93%
Serbia
93%
Seychelles
93%
Singapore
93%
Slovenia
93%
Solomon Islands
93%
Vanuatu
93%
Vatican City
93%
Bosnia and Herzegovina
89%
Comoros
89%
Equatorial Guinea
89%
Federated States of Micronesia
89%
Mauritius
89%
Nauru
89%
Palau
89%
Saint Lucia
89%
Saint Vincent and the Grenadines
89%
São Tomé and Príncipe
89%
South Africa
89%
Tuvalu
89%
Antigua and Barbuda
86%
Burkina Faso
86%
Grenada
86%
Samoa
86%
Tonga
86%
Ivory Coast
82%
No matching quizzes found
Score Distribution
Percent of People with Each Score
Percentile by Number Answered
Your Score History
You have not taken this quiz